Obálka Náhled e-knihy:
PDF
Pro půjčování e-knih musíte být přihlášeni.
Jak si půjčit online?

Mráz /

Komiksová adaptace slavného francouzského thrilleru.

Uloženo v:
Série:Martin Servaz, část 1
Hlavní autor: Thirault, Philippe, 1967- (Autor)
Další autoři: Mig, 1975- (Autor), Žák, Jiří, 1946-2024 (Ilustrátor), Minier, Bernard, 1960- (Překladatel)
Médium: E-kniha
Jazyk:Czech
Vydáno: V Praze : XYZ, 2024
Vydání:1. vydání
Témata:
Příbuzné jednotky:Z cyklu:: Martin Servaz
Tagy:
Žádné tagy
LEADER 02835nam a2200565 i 4500
001 312260
003 CZ PrSKC
005 20260601215719.0
007 ta
008 240125s2024 xr a g 6 000 1 cze
015 |a cnb003585791 
020 |a 9788076834644  |q (vázáno) :  |c Kč 469,00 
035 |a (OCoLC)1429250641 
040 |a ABG001  |b cze  |d ABA001  |e rda 
041 1 |a cze  |h fre 
072 7 |a 741.52  |x Komiksy. Komiksové adaptace  |2 Konspekt 
080 |a 741.52(0:82-322.4)  |2 MRF 
080 |a 741.52(0.046.6)  |2 MRF 
080 |a 821.133.1-31  |2 MRF 
100 1 |a Thirault, Philippe,  |d 1967-  |7 xx0313162  |4 aut 
240 1 0 |a Glacé.  |l Česky 
245 1 0 |a Mráz /  |c podle Bernarda Miniera ; Thirault, Mig ; překlad Jiří Žák 
250 |a 1. vydání 
264 1 |a V Praze :  |b XYZ,  |c 2024 
300 |a 107 stran :  |b barevné ilustrace ;  |c 28 cm 
336 |a text  |b txt  |2 rdacontent 
336 |a statický obraz  |b sti  |2 rdacontent 
337 |a bez média  |b n  |2 rdamedia 
338 |a svazek  |b nc  |2 rdacarrier 
500 |a Přeloženo z francouzštiny 
500 |a Text Philippe Thirault, ilustrace Mig 
520 2 |a Komiksová adaptace slavného francouzského thrilleru.  |b Jednoho dne najdou pracovníci elektrárny v Pyrenejích mrtvolu koně zavěšenou na lanovce, která je tu jedinou přístupovou cestou. K vyšetřování je povolán Martin Servaz, velitel jednotky v Toulouse. Ten na mrtvole identifikuje DNA patřící jednomu z chovanců nedalekého ústavu pro duševně choré vrahy. Institut má nejvyšší úroveň zabezpečení... brzo se však objeví první lidská oběť. Hluboko v zamrzlém údolí se odvíjí šokující případ šílenství a pomsty, který prověří Servazovy schopnosti jako žádný předtím. Nakladatelská anotace. 
655 7 |a detektivní komiksy  |7 fd1057469  |2 czenas 
655 7 |a thrillery (komiksy)  |7 fd1057486  |2 czenas 
655 7 |a komiksové adaptace  |7 fd1057342  |2 czenas 
655 7 |a francouzské romány  |7 fd132289  |2 czenas 
655 9 |a detective comics  |2 eczenas 
655 9 |a thriller comics  |2 eczenas 
655 9 |a comics adaptations  |2 eczenas 
655 9 |a French fiction  |2 eczenas 
700 0 |a Mig,  |d 1975-  |7 xx0313164  |4 ill 
700 1 |a Žák, Jiří,  |d 1946-2024  |7 jk01152981  |4 trl 
700 1 |i Adaptace díla:  |a Minier, Bernard,  |d 1960-  |t Glacé. 
787 0 8 |i Z cyklu:  |t Martin Servaz  |g 1 
900 |a ABA001  |b 20 
928 9 |a Albatros Media - XYZ 
044 |a xr 
910 |a RBIT002 
998 |d 395811  |a https://core.palmknihy.cz/api/books/395811/cover?se2gu6  |b https://core.palmknihy.cz/api/books/395811/cover/400?se2gu6  |c https://core.palmknihy.cz/api/books/395811/cover/50?se2gu6  |e 2028-02-22  |g 112  |i 9788076834644  |k https://core.palmknihy.cz/api/books/395811/preview.pdf  |l   |q 49  |r 1  |s https://www.palmknihy.cz/kniha/395811  |t ebook  |y 2024  |z 0 
999 |d 312258